000 01013nam0a22002531 4500
001 rc\2816857
005 20250806211259.0
035 _a(NLR Aleph) 006942570
090 _a39832
_c39832
100 _a20110915d1945 u y0rusy50 ca
101 0 _arus
102 _aRU
105 _aa z |||||
200 1 _aНаставление по боевой работе зенитно-прожекторных станций
_e[Утв. 23-го окт. 1944 г.]
_fГлав. упр. командующего артиллерией Красной Армии
210 _aМосква
_cВоен. изд-во
_d1945
_gтип. им. Тимошенко
215 _a128 с.
_cил., черт.
_d16 см.
740 1 _aСССР
_tВоенные уставы и наставления
_3RU\NLR\AUTH\8810020873
801 0 _aRU
_bNLR
_gpsbo
801 1 _aRU
_bELAR
_2rusmarc
852 _aNLR
_jВ60 Г-1/242
942 _cBOOK
945 _aРоссийская национальная библиотека
980 _aNB
980 _aBV